| 000 | 00389nam a2200157 a 4500 | ||
|---|---|---|---|
| 001 | 3183 | ||
| 003 | CDMR | ||
| 005 | 20131007174843.0 | ||
| 008 | 130130s1931||||||||||||||||||||||||||||d | ||
| 040 |
_aCDMR _bcat _cCDMR |
||
| 100 | 1 |
_aBertran i Pijoan, LluĂs _92057 |
|
| 245 | 1 | 0 | _aPremsa de Catalunya |
| 260 |
_aBarcelona _c1931 _bAjuntament de Barcelona |
||
| 300 | _a345 p. | ||
| 942 |
_cMON _2udc |
||
| 999 |
_c3183 _d3183 |
||